Naimark, Norman M., 1944-. Stalin's genocides. - Princeton, NJ [u.a.] : Princeton Univ. Press. - 2010 [Rezension]
| Titel: | Naimark, Norman M., 1944-. Stalin's genocides. - Princeton, NJ [u.a.] : Princeton Univ. Press. - 2010 [Rezension] |
|---|---|
| Verfasser: | |
| In: |
Comparativ, Band 22, Heft 1 (2012), Seite 117 alle Artikel anzeigen |
| Veröffentlicht: | 2012 |
| Format: | Aufsatz |
| Sprache: | Deutsch |
X
alg: 39507600
001A $01999:12-11-16
001B $01999:04-08-21 $t21:04:00.000
001C $06050:14-11-16 $t07:18:41.000
001D $01999:12-11-16
001U $0utf8
001X $00
002@ $0Aox
003@ $0395076005
007A $0395076005 $aHEB
007T $0Herdc0087341m
010@ $ager
011@ $a2012
021A $aNaimark, Norman M., 1944-. Stalin's genocides. - Princeton, NJ {[u.a.] : Princeton Univ. Press. - 2010 [Rezension]
028A $aLenoe $dMatthew
031A $d22 $e1 $h117 $j2012
039B $aIn $8--Abvc--. Comparativ. - Leipzig : Leipziger Universitätsverlag, 1991-. - ISSN 0940-3566 $x201200000220001883 $9048583685
039T $8--Aau--Naimark, Norman M.$Z1944- [Tp1]. Stalin's genocides. - Princeton, NJ {[u.a.] : Princeton Univ. Press, 2010. - IX, 163 S.. - ISBN 978-0-691-14784-0 $9229919421
045F $a900.9479 $eDDC23BSB
045F/01 $a900
045F/03 $g479
045F/03 $g438
045T $a3,4 $a3,6
lok: 39507600 78
exp: 39507600 78 1 #EPN
201B/01 $018-11-16 $t13:40:19.000
201U/01 $0utf8
203@/01 $0791374645
208@/01 $a12-11-16 $be
209A/01 $a/ $f000 $x00
220C/01 $aTitelaufnehmer: ej;ak
220C/01 $aHerkunft: HI Marburg
244Z/01 $2Trx $#Baltijos šalys $#kraje bałtyckie $#Baltikum $8--Trx--Baltische Länder $x01 $9391352903
244Z/01 $2Trx $#Poola $#Lenkija $#Polija $#Polen Land $#Poland $#Lengyelország $#Poľsko $#Polsko $8--Trx--Polska$gkraj $x02 $9391345966
244Z/01 $2Trx $#arvustused $#recenzijos $#Reviews $#recenziók $#recenzje $#recenzie $#recenze $8--Trx--Rezensionen $x03 $9391357441
247C/01 $82080>Marburg/Lahn, Herder-Institut, Forschungsbibliothek, Bibliographieportal $9336309341
| LEADER | 00000caa a22000002c 4500 | ||
|---|---|---|---|
| 001 | 395076005 | ||
| 003 | DE-603 | ||
| 005 | 20210804210400.0 | ||
| 007 | tu | ||
| 008 | 161112s2012 xx |||| | u00||u|ger c | ||
| 035 | |a (DE-599)HEB395076005 | ||
| 040 | |a DE-603 |b ger |c DE-603 |d DE-603 | ||
| 041 | |a ger | ||
| 082 | 0 | 4 | |8 1\u |a 900.9479 |q DE-101 |2 23/BSB |
| 084 | |a 3,4 |a 3,6 |2 ssgn | ||
| 085 | |8 1\u |b 900 | ||
| 085 | |8 1\u |z 2 |s 479 | ||
| 085 | |8 1\u |z 2 |s 438 | ||
| 100 | 1 | |a Lenoe, Matthew | |
| 245 | 0 | 0 | |a Naimark, Norman M., 1944-. Stalin's genocides. - Princeton, NJ [u.a.] : Princeton Univ. Press. - 2010 [Rezension] |
| 264 | 0 | |c 2012 | |
| 773 | 0 | 8 | |i In |t Comparativ |d Leipzig : Leipziger Universitätsverlag, 1991- |h 21 cm |x 0940-3566 |g Band 22, Heft 1 (2012), Seite 117 |w (DE-603)048583685 |w (DE-600)1078370-2 |
| 787 | 0 | 8 | |i Rezension von |a Naimark, Norman M., 1944- |t Stalin's genocides |d Princeton, NJ [u.a.] : Princeton Univ. Press, 2010 |h IX, 163 S. |z 9780691147840 |z 0691147841 |w (DE-603)229919421 |
| 924 | 0 | |9 2080 |a (DE-603)791374645 |b DE-2080 |c HES |d d |g / | |


